El libro de los intendentes : (Record no. 2422)

000 -CABECERA
fixed length control field 00991nam a22002057a 4500
003 - IDENTIFICADOR DEL NÚMERO DE CONTROL
control field AR-CdUCM
008 - DATOS DE LONGITUD FIJA--INFORMACIÓN GENERAL
fixed length control field 190304b ||||| |||| 00| 0 spa d
040 ## - FUENTE DE LA CATALOGACIÓN
Agencia/entidad que catalogó originalmente la obra MUNICIPALIDAD PROVINCIAL DEL CUSCO
Entidad que transcribió la catalogación BIBLIOTECA MUNICIPAL DEL CUSCO
082 ## - NÚMERO DE LA CLASIFICACIÓN DECIMAL DEWEY
No. de Clasificación 352.982 /
Notacion interna I52
100 ## - ENTRADA PRINCIPAL--NOMBRE DE PERSONA
Nombre Personal Infante, Felix
245 ## - MENCIÓN DE TÍTULO
Título El libro de los intendentes :
Resto del título historia del laborioso hacer de los hombres que cimentaron, en el tiempo, esta ciudad de Jujuy /
260 ## - PUBLICACIÓN, DISTRIBUCIÓN, ETC.
Lugar de publicación, distribución, etc. Argentina :
Nombre de la editorial, distribuidor, etc. Municipalidad de San Salvador de Jujuy,
300 ## - DESCRIPCIÓN FÍSICA
Nº de Páginas Extensión 194 páginas ;
Otros detalles físicos Imágenes.
Dimensiones 23.5 cm.
505 ## - NOTA DE CONTENIDO CON FORMATO
Nota de contenido formateada Contenido: Los cabildos -- Presidentes municipales -- Intendentes municipales -- Intendentes municipales, elegidos por el pueblo, mediante elección directa -- Intendentes municipales, designados por el poder ejecutivo provincial, con acuerdo legislativo ...
650 ## - PUNTO DE ACCESO ADICIONAL DE MATERIA--TÉRMINO DE MATERIA
Descriptor San Salvador de Jujuy
9 (RLIN) 8697
650 ## - PUNTO DE ACCESO ADICIONAL DE MATERIA--TÉRMINO DE MATERIA
Descriptor Cabildos
9 (RLIN) 5645
650 ## - PUNTO DE ACCESO ADICIONAL DE MATERIA--TÉRMINO DE MATERIA
Descriptor Investigación histórica
9 (RLIN) 8698
942 ## - ELEMENTOS DE PUNTO DE ACCESO ADICIONAL (KOHA)
Fuente de clasificación
Tipo de item Libros-BMC
945 ## - PROCESAMIENTO DE INFORMACIÓN LOCAL (OCLC)
Catalogador afb
Holdings
Estado de retiro (separado) Fuente de clasificación o esquema de estanterías Estado dañado Ubicación Sala donde se ubica Nombre de la colección Fecha de adquisición o compra Costo, precio normal en soles Signatura topográfica Código de Barras Última vez visto (Koha) Tipo de ítem (Koha)
No     Sala Humanidades Sala Humanidades Book Cart 2019-03-04 21.00 352.982 / I52 SH0000002170 2019-03-04 Libros-BMC

Powered by Koha